header

Eunuchs and sacred boundaries in Islamic society (Record no. 90231)

MARC details
000 -LEADER
fixed length control field 01527nam a2200361Ia 4500
100 1# - MAIN ENTRY--AUTHOR NAME
Personal name Marmon, Shaun Elizabeth.
245 10 - TITLE STATEMENT
Title Eunuchs and sacred boundaries in Islamic society
260 ## - PUBLICATION, DISTRIBUTION, ETC. (IMPRINT)
Place of publication New York :
Name of publisher Oxford University Press,
Year of publication 1995.
300 ## - PHYSICAL DESCRIPTION
Number of Pages xii, 162 p.
490 1# - SERIES STATEMENT
Series statement Studies in Middle Eastern history
650 #0 - SUBJECT ADDED ENTRY--TOPICAL TERM
Topical Term Eunuchs
Topical Term Eunuchs
Topical Term Eunuchs
856 40 - ELECTRONIC LOCATION AND ACCESS
Uniform Resource Identifier http://site.ebrary.com/lib/rucke/Doc?id=10142179

No items available.

© 2026 Rongo University
Contact us: librarian | system librarian | Rongo university